00816nam a2200181 a 450000100100000000500170001000800410002704000250006808200140009310000350010724500530014226000780019530000290027359000260030295201120032895201770044099900170061700003190520200930063254.0110707s1958 dr a r 000 0 spa d aDO-SdBNPbspacBNPHU axxxxbI371 aInchaustegui, J. Marino95379310aImpresiones de viaje. /cJ. Marino Inchaustegui. aSanta Cruz de Tenerife, Islas Canarias :bLitografia A. Romero,c[1958?]. a[28 p.] :bil. ;c22 cm. aInventariado, 2018/BT 0010718PDaPDbPDcHDd2011-07-07iLF1l0oxxxx I37p31905-10r2020-06-25w2020-06-25yLFPDZNo se presta 0010718PDaPDbPDcHDd2018-08-30iLF1l0oxxxx I37p31905-20r2020-06-25te. 2w2020-06-25yLFPDzPerteneció a la biblioteca ersonal de Bárbara Suncar.ZNo se presta c31396d31396